| 000 | 00692cam a2200217 4500 | ||
|---|---|---|---|
| 008 | |||
| 049 | _aMAIN | ||
| 090 | _aHG8051 INS | ||
| 110 | _aInsurance Institute of South Africa | ||
| 245 | 1 | 0 |
_aProperty insurance II : _b subject 4190/ _cInsurance Institute of South Africa. |
| 260 |
_aPretoria : _bCuppleditch Communications, _c1995. |
||
| 300 |
_a[Various pagination.] : _bill. ; _c29 cm. |
||
| 440 | _aInsurance Institute of South Africa. | ||
| 500 | _aIncludes index. | ||
| 650 | 0 | _aInsurance, Property. | |
| 907 |
_a.b10225651 _b22-01-07 _c22-01-07 |
||
| 003 | |||
| 005 | 20230123134336.0 | ||
| 040 | _cNUST | ||
| 942 |
_cBOOKS _kHG8051 INS |
||
| 999 |
_c164224 _d164224 |
||